[Event "21st Hogeschool Zeeland 2017"]
[Site "Vlissingen"]
[Date "2017.08.12"]
[Round "9"]
[White "Iturrizaga Bonelli, Eduardo"]
[Black "Praggnanandhaa R"]
[Result "1-0"]
[WhiteElo "2662"]
[BlackElo "2487"]
[Annotator "TA"]
[PlyCount "139"]
[EventDate "2017.??.??"]
[SourceTitle "playchess.com"]
[Source "ChessBase"]
[SourceQuality "1"]

{[%evp 11,139,0,35,39,44,56,54,65,64,59,64,60,83,48,70,64,64,60,78,31,73,77,57,61,93,99,80,87,83,55,129,91,118,126,118,126,124,125,178,177,232,192,351,354,354,207,205,208,250,243,235,210,218,212,194,136,199,179,230,239,181,93,93,85,85,78,80,60,60,60,60,48,49,49,60,63,87,41,70,64,25,29,100,109,209,204,200,201,190,198,166,118,145,179,534,723,721,699,656,552,443,443,542,541,481,387,1123,947,1011,984,867,859,1329,939,1495,1787,4860,2397,1208,1118,29965,29961,29971,29975,29977,29978,29978,29979,29979,29980]} 1. c4 e5 2. g3 Nf6 3. Bg2 d5 4. cxd5 Nxd5 5. Nf3 Nc6 6. O-O Be7 7. d4 {A20: English Opening: 1...e5} exd4 (7... e4 8. Ne5 f5 9. Nxc6 bxc6 10. Qc2 Qd7 11. Nc3 O-O 12. Nxd5 cxd5 13. Bf4 c6 14. Rfc1 Bb7 15. e3 a5 16. h4 Rfc8 {½-½ (35) Topalov,V (2749)-Karjakin,S (2781) Paris 2017}) 8. Nxd4 O-O 9. Nxc6 {White is slightly better.} bxc6 10. Nc3 Nxc3 11. bxc3 Ba6 $146 ({Find the theoretical novelty and annotate with similar games:} 11... Bd7 12. Be3 a5 13. Qa4 c5 14. Qa3 Ra6 {½-½ (29) Seeman,T (2420)-Malisauskas,V (2429) Parnu 2016}) 12. Qc2 Qd7 13. Rd1 Qe6 14. Be3 Rad8 15. Bf3 Bc4 16. Rd4 Bd5 17. Ra4 Bxf3 18. exf3 Rd5 19. Re4 Qf5 20. Qa4 Bf6 (20... Ra5 $1 $14 21. Qxc6 Qxf3) 21. Qxc6 Rd3 22. Re8 h5 23. Rxf8+ Kxf8 24. Rb1 $36 {[%mdl 2048] And now Rb8+ would win. Black is under strong pressure.} Kg8 (24... g5 $16) 25. Rb5 $18 (25. Bxa7 $6 Rxc3 26. Rb5 Rxc6 $16) (25. Qxc7 $6 Qxf3 26. Qxa7 Kh7 $14) 25... Rd1+ 26. Kg2 Qd3 $2 (26... Qd7 27. Qxd7 Rxd7 28. Rxh5 Bxc3 29. Bxa7 Rd2) 27. Qe8+ Kh7 {[%csl Gd1][%cal Rd3f1]} 28. Qe4+ (28. Rxh5+ $142 Kg6 29. Kh3 Qf1+ 30. Kg4 Qc4+ 31. Bd4 Qe6+ 32. Qxe6 fxe6 33. Bxa7) 28... Qxe4 29. fxe4 {[%cal Bf3e4,Be4e5][%mdl 4128] Endgame KRB-KRB} Kg6 30. Rc5 Ra1 31. e5 ({Don't take} 31. Rxc7 Rxa2 32. Rc6 (32. Bxa7 Bxc3 33. Rxc3 Rxa7 $16) 32... Kh7) 31... Bd8 32. Ra5 Kf5 33. Bxa7 ({White should try} 33. Rxa7 $18 g5 34. Bd4) 33... g5 (33... c5 $16 {is a better defense.} 34. Ra3 (34. Rxc5 Rxa2 35. Rd5 Rxa7 $16) 34... Be7) 34. Be3 c6 (34... g4 $142 35. Ra8 Bg5) 35. Ra8 Bc7 36. Bd4 (36. f4 $18) 36... Bxe5 $16 37. Bxe5 Kxe5 {KR-KR} 38. Ra5+ Kf6 39. h4 gxh4 40. gxh4 Kg6 41. c4 f6 42. a4 Ra3 43. f3 Ra1 44. Kg3 Ra2 45. f4 Ra3+ 46. Kg2 Ra2+ (46... c5 $1 $11 {keeps the balance.}) 47. Kf3 Ra3+ (47... Rh2 $16 {might work better.}) 48. Ke4 $18 Rh3 {[#]} 49. Ra8 $1 {a5 is the strong threat.} Rxh4 {[#]} 50. Rg8+ $1 Kf7 51. Rg1 {Hoping for a5.} Ke6 52. a5 {[%cal Ba4a5,Ba5a6][%mdl 32] Threatens to win with a6.} Kd6 $2 (52... Rh3 {is a better chance.}) 53. a6 {White wants to mate with a7.} Kc7 54. Rg7+ Kb8 55. Kf5 Rh1 56. Rb7+ Kc8 57. Rf7 Kb8 58. Rxf6 c5 $2 (58... Kc7 59. Rf7+ Kb8 60. Rb7+ Ka8) 59. Rc6 Ka7 60. Rxc5 Kxa6 61. Rb5 h4 62. Rb3 h3 63. c5 h2 64. Rb2 (64. Rb6+ $142 Ka5 65. Rb2) 64... Rc1 65. Rxh2 Rxc5+ 66. Kg6 {White mates.} Kb6 67. f5 {[%cal Bf4f5,Bf5f6,Bf6f7][%mdl 32]} Kc6 68. f6 Rc1 69. Rg2 Kd7 70. f7 {Precision: White = 74%, Black = 34%.} 1-0

[Event "21st Hogeschool Zeeland 2017"]
[Site "Vlissingen"]
[Date "2017.08.12"]
[Round "9"]
[White "Bok, Benjamin"]
[Black "Van Foreest, Lucas"]
[Result "1-0"]
[WhiteElo "2615"]
[BlackElo "2467"]
[Annotator "TA"]
[PlyCount "141"]
[EventDate "2017.??.??"]
[SourceTitle "playchess.com"]
[Source "ChessBase"]
[SourceQuality "1"]

{[%evp 15,141,36,38,12,90,93,130,137,131,98,110,102,112,122,111,109,145,131,145,104,108,69,99,57,93,91,91,91,91,91,102,99,90,95,104,106,129,129,124,119,126,119,126,130,141,139,163,157,188,148,157,151,159,141,172,165,184,137,200,192,186,183,157,151,161,142,164,45,318,318,318,318,320,293,556,514,541,529,564,528,474,496,714,349,296,272,827,803,2524,2104,1288,1109,1169,1162,1160,1083,994,909,925,860,849,771,830,801,749,737,1464,604,12840,12840,12840,12840,12838,12839,12840,12839,12840,12840,12840,12839,12840,12840,12841,12841,12841,12841,12847,12845]} 1. c4 c6 2. Nf3 d5 3. g3 Bg4 4. Bg2 Nd7 5. cxd5 cxd5 6. Nc3 e6 7. Qb3 Qb6 {A11: English Opening: 1...c6} (7... Bxf3 8. Bxf3 Qb6 9. Qxb6 Nxb6 10. d3 Rc8 11. Be3 Bc5 12. Bxc5 Rxc5 13. Kd2 Ne7 14. b4 Rc6 15. a4 {½-½ (40) Wang,Y (2718)-Yu,R (2516) China 2016}) 8. Qxb6 Nxb6 {LiveBook: 3 Games} 9. d3 f6 $146 (9... Rc8 $11) ({Predecessor:} 9... Rc8 10. Be3 Bd6 11. Nb5 Bb8 12. O-O Ne7 13. Rfc1 Rxc1+ 14. Rxc1 Nc6 15. Nfd4 {½-½ (40) Benko,P-Bisguier,A New York 1962}) 10. Nd4 $16 {Strongly threatening h3.} Kd7 11. f3 Bh5 12. Bh3 Bf7 13. e4 Bb4 14. a3 Bxc3+ 15. bxc3 Ne7 {[#]} 16. a4 $1 Nc6 17. Be3 Nxd4 18. Bxd4 Kc6 19. Kd2 Nd7 20. exd5+ exd5 21. Rhe1 {Threatens to win with Re7.} Rhe8 22. Rxe8 Rxe8 23. Bxd7+ Kxd7 24. Bxa7 {[%mdl 4096] Endgame KRB-KRB} Re6 25. a5 Rc6 26. Rb1 Kc8 27. Bd4 Be8 28. g4 Re6 29. Rg1 Bc6 30. f4 Re7 31. h4 Be8 32. Rg2 Rf7 33. Bc5 Bc6 34. Rg1 Rd7 35. Ke3 Rd8 36. Bd4 Kd7 (36... Re8+ $16 {is a better defense.} 37. Kd2 Kd7) 37. f5 $18 Re8+ 38. Kf4 Bb5 39. Rg3 Re1 40. g5 Rf1+ {[#]} 41. Kg4 (41. Ke3 $1 $18) 41... Rd1 $2 {[%mdl 8192]} (41... Kd6 $1 $14) 42. gxf6 gxf6 43. Bxf6 Rxd3 44. Rg2 Rd1 $2 (44... Re3 {was worth a try.} 45. Rb2 Ba6) 45. Bd4 Bd3 46. f6 Ke6 47. Kg5 Rh1 {Now ...Be4 and Black clings on.} 48. h5 Kf7 (48... Be4 $142) 49. Kh6 (49. Kf4 $142) 49... Bg6 {[%csl Gg6][%cal Rh1h5]} 50. Rg5 Ke6 $2 (50... Rh3 51. Rxd5 Ke8) 51. Re5+ {White is clearly winning.} Kd6 52. Kg7 Rxh5 53. Re7 Kc6 54. f7 Bxf7 55. Kxf7 {KRB-KR} Rh4 56. Ke6 Rh6+ 57. Kf5 Rh5+ 58. Kf4 Rh4+ 59. Ke3 Rh3+ 60. Kd2 h5 61. Re6+ (61. Be5 $142 h4 62. Ke2) 61... Kb5 62. Rb6+ Kxa5 63. Rxb7 Rf3 64. Rh7 Rf5 65. Kc2 Ka4 66. Kd3 Kb5 67. Rh6 Rg5 68. Be3 Re5 69. Rb6+ Ka5 70. Rg6 h4 71. Rh6 {Precision: White = 69%, Black = 30%.} 1-0

[Event "21st Hogeschool Zeeland 2017"]
[Site "Vlissingen"]
[Date "2017.08.12"]
[Round "9"]
[White "Ernst, Sipke"]
[Black "Van Foreest, Jorden"]
[Result "0-1"]
[WhiteElo "2553"]
[BlackElo "2600"]
[Annotator "TA"]
[PlyCount "108"]
[EventDate "2017.??.??"]
[SourceTitle "playchess.com"]
[Source "ChessBase"]
[SourceQuality "1"]

{[%evp 25,108,0,0,-4,-15,0,14,3,5,0,0,-31,-31,-58,0,-30,-32,-110,-139,-105,-88,-90,-85,-226,-220,-229,-229,-223,-224,-204,-210,-219,0,-217,-210,-241,-230,-431,-437,-635,-442,-405,-364,-587,-282,-288,-295,-289,-251,-252,-245,-254,-242,-520,-520,-508,-426,-517,-478,-508,-500,-498,-469,-495,-445,-532,-539,-509,-481,-12831,-12830,-12831,-6105,-12831,-12832,-12825,-6029,-12839,-12833,-12840,-12840,-12844,-12845,-12845,-12845]} 1. Nf3 Nf6 2. c4 g6 3. Nc3 Bg7 4. d4 O-O 5. e4 d6 6. Be2 e5 7. d5 a5 8. Bg5 h6 9. Be3 Ng4 {E92: King's Indian: Classical: 6 Be2 e5: 7 dxe5, 7 Be3 and Petrosian System without 7...Nbd7} 10. Bd2 f5 11. h3 Nf6 12. exf5 gxf5 13. Qc1 f4 {LiveBook: 29 Games} 14. g3 e4 15. Nh4 e3 $1 {[%cal Re3f2]} 16. fxe3 fxg3 17. Ng6 Re8 $146 18. Qc2 {Strongly threatening Rg1.} Na6 $1 {[%cal Ra6b4]} 19. Nf4 Nb4 (19... Re5 $1 $15 20. Rg1 (20. Qg6 Rg5 $17) 20... Bf5) 20. Qb1 Re5 {Threatens to win with ...Bf5.} 21. Ne6 (21. O-O $1 $15) 21... Bxe6 $17 22. dxe6 {[#]} Ne4 $1 {[%mdl 512]} 23. Nxe4 Qh4 {( -> ...g2+)} 24. Bf3 (24. Rg1 $17 Rxe4 25. Kd1) 24... g2+ $1 $19 25. Ke2 {Hoping for Rh2.} gxh1=Q $40 {[%mdl 128] Black has strong attack.} (25... gxh1=R 26. Qxh1 Rxe6 27. Rg1 $17) 26. Qxh1 {[#]} d5 $1 {[%cal Rd5e4]} (26... Rxe6 27. Rg1 $17) 27. cxd5 Nxd5 28. Rg1 Re8 $2 ({Better is} 28... Qe7 $19 {And now ...Rd8 would win.} 29. Nc3 Nf4+ 30. Kd1 Nxe6 31. Bxb7 Rd8) 29. Rg4 $2 (29. Qg2 Qe7 $17) (29. Nd6 $1 $11 cxd6 30. Bxd5) 29... Qe7 30. Qg2 Rxe6 31. Kd1 $2 (31. Nd6 {was necessary.} Rxe3+ 32. Kd1 Re1+ 33. Kc2 cxd6 34. Bxd5+ Kh8 35. Bc4 (35. Bxe1 $2 Qxe1 36. Re4 Rc8+ 37. Rc4 Rf8 $19)) 31... Kh8 32. Kc1 (32. Qe2 $142) 32... Rc6+ 33. Kb1 Qe5 {[%csl Gg7][%cal Re5b2] [#]} 34. Nc3 $2 (34. Rxg7 $1 {[%mdl 512]} Qxg7 35. Qxg7+ Kxg7 36. Ng3) 34... Nxc3+ (34... Nxe3 $142 35. Bxc6 Nxg2 36. Bxe8 Qxe8 37. Rxg2 Qd7) 35. Bxc3 Rxc3 36. Re4 {[#]} Qxe4+ $1 37. Bxe4 Rxe3 38. Bf3 a4 39. Qg6 $2 (39. Qf2 {might work better.}) 39... Rd8 {Black is clearly winning.} 40. Qg4 Red3 41. a3 {If White can now play Qf5 this consolidates a bit.} Rd2 42. Qxa4 Rxb2+ 43. Kc1 b5 {[%cal Bb7b5,Bb5a4][%mdl 32]} 44. Qh4 Rf8 45. Qe4 {White hopes to continue with Be2.} c5 46. Be2 c4 47. a4 (47. Qe6 $142) 47... bxa4 48. Bxc4 Rc8 49. Qe6 Rbb8 50. Kd2 Rd8+ 51. Kc2 Rb2+ 52. Kc1 Rbd2 53. Qe3 R2d6 54. Kb1 Rb8+ {Precision: White = 24%, Black = 82%.} 0-1

[Event "21st Hogeschool Zeeland 2017"]
[Site "Vlissingen"]
[Date "2017.08.12"]
[Round "9"]
[White "Ikonnikov, Vyacheslav"]
[Black "Landa, Konstantin"]
[Result "1/2-1/2"]
[WhiteElo "2532"]
[BlackElo "2623"]
[Annotator "TA"]
[PlyCount "37"]
[EventDate "2017.??.??"]
[SourceTitle "playchess.com"]
[Source "ChessBase"]
[SourceQuality "1"]

{[%evp 26,28,11,6,36]} 1. d4 d5 2. Nf3 Nf6 3. c4 e6 4. Nc3 Be7 5. Bg5 h6 6. Bh4 O-O 7. e3 Ne4 8. Bxe7 Qxe7 9. Rc1 c6 10. Be2 {D56: Queen's Gambit Declined: Lasker Defence} (10. Qc2 Nxc3 11. Qxc3 Nd7 12. Be2 dxc4 13. Qxc4 e5 14. O-O exd4 15. Nxd4 Nb6 16. Qc5 Qxc5 17. Rxc5 Rd8 18. Rfc1 Be6 19. a3 {½-½ (33) Ivanchuk,V (2757)-So,W (2789) Leuven 2017}) 10... Nxc3 11. Rxc3 dxc4 12. Bxc4 b6 13. Bd3 Bb7 14. O-O {LiveBook: 8 Games} c5 {Find the theoretical novelty and annotate with similar games:} 15. dxc5 $146 bxc5 16. Qe2 Nd7 17. Rfc1 Rfc8 18. Ba6 Bxa6 19. Qxa6 {½-½ (38) Smith,A (2383)-Kovachev,D (2256) Ballerup 2009} 1/2-1/2

[Event "21st Hogeschool Zeeland 2017"]
[Site "Vlissingen"]
[Date "2017.08.12"]
[Round "9"]
[White "Hausrath, Daniel"]
[Black "Pruijssers, Roeland"]
[Result "1/2-1/2"]
[WhiteElo "2491"]
[BlackElo "2489"]
[Annotator "TA"]
[PlyCount "30"]
[EventDate "2017.??.??"]
[SourceTitle "playchess.com"]
[Source "ChessBase"]
[SourceQuality "1"]

{[%evp 18,30,68,48,75,54,54,67,108,107,100,102,107,84,87]} 1. d4 f5 2. g3 Nf6 3. Bg2 g6 4. Nh3 Bg7 5. O-O O-O 6. c4 d6 7. d5 Nbd7 8. Nc3 Ne5 9. b3 c5 10. Bd2 Ne8 {A86: Dutch Defence: Leningrad System: Unusual lines and 5 Nh3} (10... Rb8 11. Qc2 a6 12. a4 b6 13. f4 Nf7 14. Nf2 Ne8 15. Rae1 Nc7 16. e4 b5 17. Nd3 e5 18. exf5 Bxf5 {½-½ (51) Jussupow,A (2595)-Malaniuk,V (2526) Warsaw 2005}) 11. Qc1 $146 ({Predecessor:} 11. Qc2 Nc7 12. Ng5 Rb8 13. a4 b6 14. f4 Nf7 15. Nxf7 Rxf7 16. Rae1 a6 17. e4 e5 18. fxe5 Bxe5 {½-½ (50) Socko,M (2381)-Kosintseva,T (2457) Istanbul 2003}) 11... a6 12. a4 {[%cal Ba2a4,Ba4a5][%mdl 32]} Nf7 13. Nf4 {White is better.} Nc7 14. a5 Rb8 15. Ra3 Bd7 1/2-1/2

[Event "21st Hogeschool Zeeland 2017"]
[Site "Vlissingen"]
[Date "2017.08.12"]
[Round "9"]
[White "Ten Hertog, Hugo"]
[Black "Gonzales, Jayson"]
[Result "0-1"]
[WhiteElo "2466"]
[BlackElo "2378"]
[Annotator "TA"]
[PlyCount "80"]
[EventDate "2017.??.??"]
[SourceTitle "playchess.com"]
[Source "ChessBase"]
[SourceQuality "1"]

{[%evp 9,80,14,28,10,25,0,0,-20,-12,-19,18,11,8,0,0,2,6,9,16,12,27,22,14,0,6,12,54,33,97,79,138,121,108,163,215,125,196,198,176,0,0,0,0,0,0,0,0,0,64,64,67,0,0,0,0,0,0,0,0,0,0,-125,-118,-126,-122,-675,-660,-630,-566,-29992,-29993,-29993,-29994]} 1. c4 c6 2. Nf3 d5 3. e3 e6 4. b3 Nf6 5. Bb2 Bd6 6. Qc2 {A06: Réti Opening:1 Nf3 d5} Nbd7 7. Nc3 Qe7 (7... O-O 8. Be2 a6 9. d4 b5 10. O-O Bb7 11. e4 b4 12. e5 bxc3 13. Bxc3 Bc7 14. exf6 Nxf6 15. c5 a5 16. a3 Ba6 17. Bxa6 Rxa6 {½-½ (48) Gordievsky,D (2613)-Li,R (2571) Las Vegas 2017}) 8. a3 {The position is equal.} a6 9. Be2 b6 $146 ({Predecessor:} 9... b5 10. O-O O-O 11. d4 bxc4 12. bxc4 dxc4 13. e4 e5 {½-½ (58) Styazhkina,A (2244)-Sviridova,V (2063) Kocaeli 2013}) 10. d4 Bb7 11. e4 Nxe4 12. Nxe4 dxe4 13. Qxe4 Nf6 14. Qh4 c5 15. O-O O-O 16. Rfe1 h6 17. dxc5 bxc5 18. Ne5 (18. Rad1 $5 {[%cal Rb2f6]} Rfd8 19. Ne5 $14) 18... Qc7 (18... Rab8 $14) 19. Bd3 $16 Nd7 (19... Qe7 $142) 20. Ng4 $1 {[%cal Rg4h6] Intending Nxh6+! and mate.} Bf4 21. Qh5 Rfd8 (21... Rad8 $142 22. Rad1 Qc6) 22. Bh7+ (22. g3 $1 $18) 22... Kf8 (22... Kxh7 $16 23. Qxf7 Ne5 24. Qxc7 Nf3+ 25. gxf3 Bxc7) 23. g3 $1 $18 {[%cal Rg3f4]} Bg5 {[#] With the idea ...Bf3.} 24. f4 $2 ({White has to play} 24. h4 $1 $18 {[%cal Rh4g5]} Bf6 25. Nxf6 Nxf6 26. Bxf6 gxf6 27. Qxh6+ Ke7 28. Qg7 (28. Be4 a5 $16)) 24... Nf6 $11 25. Nxf6 Bxf6 26. Bxf6 gxf6 27. Be4 Bxe4 28. Rxe4 ({Don't blunder} 28. Qxh6+ $2 Ke7 $19) 28... Rd4 (28... Ke7 $11) 29. Qxh6+ Ke7 30. Re3 ({White should play} 30. Rxd4 $1 $14 cxd4 31. Qh7) 30... Qd6 $36 {[%mdl 2048] Black has the initiative.} 31. Rae1 Rd1 {White must now prevent ...Qd2.} 32. Qh5 Rxe1+ 33. Rxe1 {[%mdl 4096] Endgame KQR-KQR} Qd4+ 34. Kg2 Rb8 35. b4 (35. f5 $11 {remains equal.} Rxb3 36. fxe6 fxe6 37. Qh6) 35... cxb4 $17 36. axb4 Rxb4 37. Rd1 $2 {[%mdl 8192]} (37. Re2 $17) 37... Rb2+ $19 38. Kh3 {[#]} Qf2 $1 {[%cal Rf2h2]} 39. Qa5 {[%csl Gd1][%cal Ra5d8]} Qxh2+ 40. Kg4 f5+ {Precision: White = 37%, Black = 47%.} 0-1

[Event "21st Hogeschool Zeeland 2017"]
[Site "Vlissingen"]
[Date "2017.08.12"]
[Round "9"]
[White "Admiraal, Miguoel"]
[Black "Cordes, Hans-Joerg"]
[Result "1-0"]
[WhiteElo "2447"]
[BlackElo "2221"]
[Annotator "TA"]
[PlyCount "53"]
[EventDate "2017.??.??"]
[SourceTitle "playchess.com"]
[Source "ChessBase"]
[SourceQuality "1"]

{[%evp 10,53,8,13,35,11,11,8,8,4,21,0,0,-12,31,37,31,0,0,0,0,0,27,0,0,0,5,11,17,19,64,25,320,324,302,316,472,461,559,500,493,473,924,914,1072,708]} 1. d4 e6 2. Bf4 Nf6 3. e3 b6 4. Nf3 Be7 5. h3 c5 (5... O-O 6. Nbd2 c5 7. c3 cxd4 8. exd4 Ba6 9. Bxa6 Nxa6 10. O-O Qc8 11. a4 Nc7 12. Re1 {½-½ (32) Li,C (2722)-Wojtaszek,R (2734) Chartres 2017}) 6. Nc3 {LiveBook: 3 Games. A47: 1 d4 Nf6 2 Nf3 b6: Torre, London and Colle Systems} cxd4 7. exd4 $146 ({Predecessor:} 7. Nb5 d6 8. exd4 O-O 9. Nc3 Bb7 10. Bd3 Nbd7 11. O-O a6 12. a4 Re8 13. Re1 {0-1 (39) Spencer,E (2197)-Pritchett,C (2318) Edinburgh 2003}) 7... Bb7 8. Bd3 {The position is equal.} O-O 9. O-O a6 10. a4 Nc6 11. Na2 Na7 (11... b5 $5) 12. Re1 b5 13. axb5 axb5 14. Nc3 b4 15. Na4 $36 {[%mdl 2048] White is pushing.} d6 16. Bd2 Rb8 17. c4 bxc3 18. bxc3 Bc6 19. c4 {Black must now prevent d5!} Qd7 20. Nc3 {Hoping for d5!} Rb2 $2 {[%mdl 8192] [#]} (20... Bxf3 $1 $11 {and Black is okay.} 21. Qxf3 Nc6) 21. d5 $1 $18 {[%cal Rd5c6][%mdl 512]} exd5 22. Nd4 Ba8 (22... Bd8 $142 23. Rxa7 Qxa7 24. Nxc6 Qa6) 23. Nf5 {White is clearly winning.} Re8 {and the idea ...dxc4 leaves Black hopeful.} 24. Nxd5 Bxd5 25. cxd5 ({Less strong is} 25. Rxe7 Rxe7 26. Bc3 {[#]} (26. cxd5 Re5 $18) (26. Nxe7+ Qxe7 27. Bc3 Rb8 $16) 26... Rxf2 $1 $18 {[%mdl 512]}) 25... Nb5 (25... Bd8 $142 26. Rxe8+ Nxe8) 26. Qc1 Rb3 27. Qc2 {Precision: White = 56%, Black = 39%.} 1-0